• 首页
  • 本馆介绍
  • 公告通知
  • 最新文献
  • 馆藏检索
  • 电子资源
  • 读者导购
  • 参考咨询
  • 我的图书馆
  • 登录
  • 详细信息显示
  • 放入我的书架
  • 预约/预借图书
  • 作者相关作品
  • 分类相关作品
  • 丛书相关作品
  • 出版社相关作品

书目信息

  • 表格格式
  • 工作单格式
  • 卡片格式
题名:
怎样组织体育游戏
    
 
作者: 施志社 主编
分册:  
出版信息: 苏州   苏州大学出版社  1997.11
页数: 152页
开本: 19cm
丛书名: 全民健身活动知识丛书
单 册:
中图分类: G811.4
科图分类:
主题词: 体育事业--世界
电子资源:
ISBN: 7-81037-365-X
000 00602nam0 2200217 45
001 9909221157
005 20040508092123.2
010    @a7-81037-365-X@dCNY5.00
100    @a19990922d1997 km y0chiy0120 ea
101    @achi
105    @a z 000yy
200 1  @a怎样组织体育游戏@f施志社主编
210    @a苏州@c苏州大学出版社@d1997.11
215    @a152页@d19cm
225    @a全民健身活动知识丛书@h第二辑
410    @12001 @a全民健身活动知识丛书
606 0  @a体育事业@y世界
690    @aG811.4@v1
701    @a施志社@4主编
801    @aCN@bTSTC@c19990922
905    @dG811.4@e24@f2@b284371-372@b284374@f1
    
    怎样组织体育游戏/施志社主编.-苏州:苏州大学出版社,1997.11
    152页;19cm.-(全民健身活动知识丛书.第二辑)
    
    
    ISBN 7-81037-365-X:CNY5.00
    
●
相关链接 在E读中查询图书 在五车中查询图书 在当当中查询图书 在豆瓣中查询图书


正题名:怎样组织体育游戏     索取号:G811.4/24         预约/预借

序号 登录号 条形码 馆藏地/架位号 状态 备注
1 0284371   002843711   第四借阅区/ [索取号:G811.4/24] 在馆    
2 0284372   002843720   第四借阅区/ [索取号:G811.4/24] 在馆    
3 0284374   002843748   第四借阅区/ [索取号:G811.4/24] 在馆    
4 0284375   002843757   第一样本阅览室/ [索取号:G811.4/24] 在馆    
唐山师范学院图书馆 欢迎您!
大连网信软件有限公司© 版权所有